Akademická Dubnica 2002 : Zborník prednášok

Enregistré dans:
Détails bibliographiques
Collectivité auteur: Medzinárodná vedecká konferencia Dubnica nad Váhom
Format: Actes de congrès Livre
Langue:slovaque
anglais
tchèque
Publié: Bratislava : STU v Bratislave, 2002
Sujets:
Tags: Ajouter un tag
Pas de tags, Soyez le premier à ajouter un tag!

MARC

LEADER 00000nam a22000003a 4500
001 stu78752
005 20150408161714.7
008 030129s2002----xo------------------slo-d
020 |a 80-227-1807-6 
040 |a STU  |b slo 
041 0 |a slo  |a eng  |a cze 
044 |a xo 
080 |a 621(082)  |7 stu_us_auth*stu3307 
111 2 |a Medzinárodná vedecká konferencia  |n (8. :  |d 27.-28.11.2002 :  |c Dubnica nad Váhom) 
245 |a Akademická Dubnica 2002 :  |b Zborník prednášok 
260 |a Bratislava :  |b STU v Bratislave,  |c 2002 
300 |a 376 s 
650 7 |a strojárstvo  |2 stusub 
996 |b 284M038982  |c M*Z-2160  |l MMST  |s P  |a 0  |w stu78752_0001